000 00927nam a2200253Ia 4500
003 OSt
005 20221005112158.0
006 a|||||r|||| 00| 0
007 ta
008 221004b |||||||| |||| 00| 0 pan d
020 _a9788177701500 (hbk)
_c200
024 _a26807
037 _b975, 16/12/2015, H.K. Prakashan
_cTextual
040 _aCRL
_cCRL
_bpan
041 _2pan
_apan
082 _aO153:g(Y:351), Q2
100 _aਥਿੰਦ, ਕਰਨੈਲ ਸਿੰਘ, ਥਦ.
245 0 _aਲੋਕਯਾਨ ਅਧਿਐਨ
260 _aਅੰਮ੍ਰਿਤਸਰ
_bਗੁਰੂ ਨਾਨਕ ਦੇਵ ਯੂਨੀਵਰਸਿਟੀ ਭਾਰਤ
_c2012
300 _a272ਪੰ
_ccm.
650 _aਪੰਜਾਬੀ ਸਾਹਿਤ
942 _hO153:g(Y:351), Q2
_cTEXL
_2cc
999 _c1024083
_d1024083